Places To Study

There are group study rooms, individual study carrels, computer labs, and other spaces to study in the Libraries.

Reserve A Group Room

Online Resources

Access thousands of eBooks, audiobooks, and online journals from the comfort of your home.

Explore Resources

Events and Workshops

Join our upcoming events and workshops to enhance your skills and knowledge.

View Events

ထိန်းသိမ်းစောင့်ရှောက်ရန် လိုအပ်နေသဖြင့် တင်ပြခြင်း(သံလွင်မြစ်) / (Record no. 2264)

MARC details
000 -LEADER
fixed length control field 00964nam a22001937a 4500
003 - CONTROL NUMBER IDENTIFIER
control field OSt
005 - DATE AND TIME OF LATEST TRANSACTION
control field 20250929084305.0
008 - FIXED-LENGTH DATA ELEMENTS--GENERAL INFORMATION
fixed length control field 250929b |||||||| |||| 00| 0 eng d
040 ## - CATALOGING SOURCE
Transcribing agency DCL
041 ## - LANGUAGE CODE
Language code of text/sound track or separate title Myanmar
082 ## - DEWEY DECIMAL CLASSIFICATION NUMBER
Classification number ၅၅၁.၄၈၃
100 0# - MAIN ENTRY--PERSONAL NAME
Personal name မြင့်ဇော်၊
9 (RLIN) 742
Titles and words associated with a name မောင်
245 10 - TITLE STATEMENT
Title ထိန်းသိမ်းစောင့်ရှောက်ရန် လိုအပ်နေသဖြင့် တင်ပြခြင်း(သံလွင်မြစ်) /
Statement of responsibility, etc. မောင်မြင့်ဇော်။
264 ## - PRODUCTION, PUBLICATION, DISTRIBUTION, MANUFACTURE, AND COPYRIGHT NOTICE
Place of production, publication, distribution, manufacture ရန်ကုန် ၊
Name of producer, publisher, distributor, manufacturer ငဝန်စာပေ၊
Date of production, publication, distribution, manufacture, or copyright notice ၂၀၁၆။
300 ## - PHYSICAL DESCRIPTION
Extent ၁၀၉ စာမျက်နှာ ၊
Other physical details ပုံများ ၊
Dimensions ၂၂ စင်တီ။
500 ## - GENERAL NOTE
General note မြန်မာ-အင်္ဂလိပ်နှစ်ဘာသာ ပါဝင်သည်။
650 ## - SUBJECT ADDED ENTRY--TOPICAL TERM
Topical term or geographic name entry element သံလွင်မြစ်
942 ## - ADDED ENTRY ELEMENTS (KOHA)
Source of classification or shelving scheme Dewey Decimal Classification
Koha item type Short Term
Suppress in OPAC No
Holdings
Withdrawn status Lost status Source of classification or shelving scheme Damaged status Not for loan Accession No. Home library Current library Shelving location Date acquired Total checkouts Full call number Barcode Date last seen Price effective from Koha item type
    Dewey Decimal Classification     2302 Dhammadhara Dhammadhara Myanmar Shelves 29/09/2025   ၅၅၁.၄၈၃ မြင့် ၂၃၀၂ MB00002302 29/09/2025 29/09/2025 Short Term